000 00551nam a2200229Ia 4500
003 OSt
005 20220918221305.0
006 a|||||r|||| 00| 0
007 ta
008 220917b |||||||| |||| 00| 0 eng d
024 _a149,205
037 _cTextual
040 _aARTS
_cARTS
_beng
041 _2eng
_aeng
082 _aT:85, H8
100 _aDale Edgar
_9139933
245 0 _aAudio-visual methods in teaching
260 _c1948
650 _aEDUCATION
942 _hT:85, H8
_cTEXL
_2CC
999 _c271874
_d271874